000 00282nam a2200097Ia 4500
001 651454
005 20250826154419.0
008 250824s9999 xx 000 0 und d
245 0 _aBen Çocukken | Çocukların Kalbine Dokunan Yazarlarla Söyleşiler
_cVural Kaya
260 _bKAYALIPARK
999 _c651454
_d651454